Postavenie kredit-manažmentu v riadení podniku

Hlavné ciele kredit-manažmentu v riadení podniku. Úloha kredit-manažmentu, jeho pozícia a funkcie v organizačnej štruktúre podniku. Vzťahy subjektov v rámci kredit-manažmentu.

Salvato in:
Dettagli Bibliografici
Autore principale: Šnircová, Jana, 1971-
Natura: Capitolo di libro
Lingua:slovacco
Soggetti:
Tags: Aggiungi Tag
Nessun Tag, puoi essere il primo ad aggiungerne!!

MARC

LEADER 00000naa a2200000 4500
001 r041644
005 20231002115406.3
041 0 |a slo 
044 |a SK 
245 1 0 |a Postavenie kredit-manažmentu v riadení podniku  |c Jana Šnircová 
520 |a Hlavné ciele kredit-manažmentu v riadení podniku. Úloha kredit-manažmentu, jeho pozícia a funkcie v organizačnej štruktúre podniku. Vzťahy subjektov v rámci kredit-manažmentu. 
610 2 0 |a riadenie podnikové 
610 2 0 |a manažment úverový 
610 2 0 |a hospodárenie finančné 
610 2 0 |a hospodárenie podnikové 
610 2 0 |a manažment finančný 
610 2 0 |a pohľadávky 
610 2 0 |a politika obchodná 
610 2 0 |a styk platobný 
610 2 0 |a kredit-manažment 
100 1 |a Šnircová, Jana, 1971-